| 000 | 02002nam0a2200349 i 4500 | ||
|---|---|---|---|
| 001 | RU\NLR\BIBL_A\010527087 | ||
| 005 | 20241114184811.0 | ||
| 010 | _a9785904585358 | ||
| 021 |
_aRU _b2014-65080 _93968 |
||
| 035 | _a(NLR Aleph) 010527087 | ||
| 090 |
_a10240135 _c10240135 |
||
| 100 | _a20141111d2013 k y0rusy50 ca | ||
| 101 | 0 | _arus | |
| 102 | _aRU | ||
| 105 | _aa|||z|||001yy | ||
| 200 | 1 |
_aИнформационно-измерительные системы определения параметров газожидкостных потоков _fО.Н. Пьявченко, А.А. Зори, С.И. Клевцов, Д.Н. Кузнецов _gМ-во образования и науки Рос. Федерации, Федер. гос. бюджет. образоват. учреждение высш. проф. образования "Юж. федер. ун-т", М-во образования и науки Украины, Гос. высш. учеб. заведение "Донец. нац. техн. ун-т" |
|
| 210 |
_aТаганрог _c[б. и.] _d2013 |
||
| 215 |
_a243 с. _cил. _d21 |
||
| 320 | _aБиблиогр.: с. 233-240 (91 назв.) | ||
| 606 |
_aТермоанемометры _9980535 _3RU\NLR\AUTH\6650516 |
||
| 606 |
_aИзмерительно-информационные системы микропроцессорные _92200658 _3RU\NLR\AUTH\661322426 |
||
| 610 | 0 | _aгазожидкостные потоки | |
| 686 | 1 | _aЗ325-5 | |
| 701 | 1 |
_aПьявченко _bО.Н. _gОлег Николаевич |
|
| 701 | 1 |
_aЗори _bА.А. _gАнатолий Анатольевич |
|
| 701 | 1 |
_aКлевцов _bС. И. _gСергей Иванович |
|
| 701 | 1 |
_aКузнецов _bД.Н. _cканд. техн. наук, электрон. техника _gДмитрий Николаевич _9144171 _3RU\NLR\AUTH\770144207 |
|
| 801 | 0 |
_aRU _bРГБ _c20140901 _gRCR |
|
| 942 | _cBOOK | ||
| 980 | _aNBR | ||